| 000 | 00740nam0a22002651 4500 | ||
|---|---|---|---|
| 001 | RU\NLR\INFOCOMM10\ROSSICA\1000009152 | ||
| 005 | 20250613184900.0 | ||
| 035 | _a(NLR Aleph) 009876021 | ||
| 090 |
_a10448028 _c10448028 |
||
| 100 | _a20030626d1807 |||y0rusy50 ca | ||
| 101 | 0 | _afre | |
| 102 | _aRU | ||
| 105 | _ay ||||000ay | ||
| 200 | 1 |
_aEsquisse de l'histoire de Russie _fJean Phil. Wegelin (Weguelin) |
|
| 210 |
_aМосква _d1807 |
||
| 215 | _d12° | ||
| 700 | 1 |
_9z01790 _aWegelin _bJ.Ph. _gJean Phil. _4070 |
|
| 790 | 1 |
_9z01700 _aWeguelin _bJ.Ph. _gJean Phil. _4070 |
|
| 801 | 1 |
_aRU _bInfoComm _c20030626 |
|
| 801 | 0 |
_aRU _bNLR _gPSBO |
|
| 852 |
_aNLR _j13.16.9.98 |
||
| 942 | _cBOOK | ||
| 980 | _aNB | ||
| 980 | _aRossica | ||